| 000 | 00638nam a22002177a 4500 | ||
|---|---|---|---|
| 005 | 20260115095638.0 | ||
| 008 | 230526b ||||| |||| 00| 0 eng d | ||
| 020 | _a9781851689637 | ||
| 020 | _a185168963X | ||
| 040 | _cSSBUL | ||
| 082 |
_223 _a261.243 |
||
| 100 | 1 |
_aKnitter, Paul F. _924475 |
|
| 245 | 1 | 0 |
_aWithout Buddha I could not be a Christian / _cPaul F. Knitter |
| 260 |
_a[Oxford], _bOneworld Academic, _c2013 |
||
| 300 |
_axvii, 250 pagine ; _c20 cm |
||
| 500 | _aS-KN: Ashin Khemānanda | ||
| 650 |
_aSpiritual life _xChristianity _924477 |
||
| 650 | _aBuddhism | ||
| 650 |
_aChristian life _914342 |
||
| 942 |
_2ddc _cBK1 |
||
| 999 |
_c24794 _d24794 |
||